00435nam a2200109Ia 4500008004100000100002400041245008300065245004800148260005300196650001500249856006100264170221s9999 xx 000 0 und d aZarina B. Shamsudin 4aThe Safety Level Satisfaction towards Gated and Guarded Community in Malaysia  cZarina B. Shamsudin, E. Y. Ying, A. J. Omar bInternational Review of Management and Marketing xMarketing. uhttp://www.econjournals.com/index.php/irmm/issue/view/91